Statistics for 5-Letter American TV Chain

Click here to take the quiz!

General Stats

  • This quiz has been taken 10,776 times
    (10,713 since last reset)
  • The average score is 17 of 29

Answer Stats

HintAnswer% Correct
Ms. DeGeneresEllen
99%
Live from New York, it's Saturday _____Night
99%
Popeye's girlfriendOlive
83%
X-Files: The _____ is out thereTruth
79%
Masked swordsman of CaliforniaZorro
77%
Vicodin-popping doctorHouse
73%
What Kenny is always doing
on "South Park"
Dying
71%
He wants you to live long and prosperSpock
71%
Apu Nahasapeemapetilon's religionHindu
67%
Friend of Moe and CurlyLarry
66%
Sound that replaces a curse wordBleep
65%
Lucy's brother in "Peanuts"Linus
65%
Husband of Morticia AddamsGomez
62%
Heroes in a half shell, turtle _____Power
62%
Wonder Woman actress: _____ CarterLynda
60%
"Family Matters" nerdUrkel
60%
Fred's wife on "I Love Lucy"Ethel
55%
Party on, Wayne. Party on, ______Garth
54%
"Brady Bunch" housekeeperAlice
50%
The main family in "Dallas"Ewing
49%
Slow-witted classmate of Lisa SimpsonRalph
49%
Cletus is a slack-jawed thisYokel
46%
"Who's the Boss" and "Taxi" actorDanza
44%
Domino's commercial: _____ the NoidAvoid
41%
Nickname of Sandor Clegane from
"Game of Thrones"
Hound
29%
Police drama with a fairy tale twistGrimm
25%
Evil brain from "Teenage Mutant Ninja Turtles"Krang
20%
Unpopular "American Idol" judgeMinaj
17%
Immortal protector of the Island in "Lost"Jacob
13%

Score Distribution

Percentile by Number Answered

Percent of People with Each Score

Your Score History

You have not taken this quiz since the last reset